000
00306nam a2200145Ia 4500
100
_a
Jain/V.K
650
_a
Micromachining
942
_c
BK
366
_f
20
245
_a
Introduction to Micromachining
260
_b
Narosa
_c
2010
082
_a
670.4
_b
JAI
546
_a
ENGLISH
_c
Info.Tech
999
_c
35328
_d
35328